00599nam a2200205Ia 450000500170000000800410001708200200005824500560007826000410013430000120017565000100018765000140019765000100021165000160022170000190023770000200025694200060027695200960028299900150037820250320024338.0240331s9999 xx 000 0 und d a302.23bBHA283 0aWomen and Media:bAnalysis, Alternatives and Action aNew Delhi,bIsis Internationalc1984 a132 p., aWomen aEducation aMedia aDevelopment aBhasin, Keedt aAgarwal, Beedt cL 001040708LaWERCLbWERCLcSSCd2024-03-31l0o 302.23 BHAp83r2024-03-31w2024-03-31yL c1143d1143